000 02365dam0a2200361 4500
001 RU\NLR\bibl\325209
005 20260407084128.0
021 _aRU
_b2002-33371
_91642
035 _a(NLR Aleph) 000320212
090 _a13278731
_c13278731
100 _a20021016d2002 u y0rusy50 ca
101 0 _arus
102 _aRU
105 _ay |||||||||
200 1 _aДокументы заседания Бюро Межпарламентской ассамблеи и второго заседания Межпарламентской ассамблеи Евразийского экономического сообщества, Санкт-Петербург, 25 марта 2002 г.
210 _aСПб.
_cБ.и.
_d2002
215 _a195, [1] с.
_d20
311 _aПрил. к "Информационному бюллетеню" / Межпарламент. ассамблея государств - участников Содружества Независ. Государств. - 2002. - N 29
422 0 _12001#$aИнформационный бюллетень$fМежпарламент. ассамблея государств - участников Содружества Независ. Государств$vN 29
_171002$aСНГ$bМежпарламентская ассамблея$cСанкт-Петербург$3RU\NLR\auth\889965587
_tИнформационный бюллетень
_aСНГ (Санкт-Петербург). Межпарламентская ассамблея
601 0 2 _aЕвразийское экономическое сообщество
_jДокументы и материалы
_xПравовые вопросы
_92231207
_3RU\NLR\auth\661339183
675 _a339.9(082)
_v3
_zrus
686 _a06.51
_2rugasnti
686 _a65.5
_2rubbk
686 _aХ915.232.522,011
710 0 2 _aЕвразийское экономическое сообщество
_bМежпарламентская ассамблея
_bБюро
_3RU\NLR\AUTH\8810045093
_9589612
711 0 2 _aЕвразийское экономическое сообщество
_bМежпарламентская ассамблея
_3RU\NLR\AUTH\8810045094
_9589614
801 0 _aRU
_bRKP
_c20021016
_gPSBO
801 1 _aRU
_bRKP
_c20021016
801 2 _aRU
_bNLR
_c20070226
_grcr
852 _aNLR
_jП22/6275
942 _cBOOK